| 000 | 00615nam a2200193 i 4500 | ||
|---|---|---|---|
| 001 | 46400 | ||
| 003 | ES-MaACL | ||
| 005 | 20230906161357.0 | ||
| 007 | t| | ||
| 008 | 030328s1970 sp ||||1| spa d | ||
| 100 | 1 |
_aConcepción, Roberto. _940071 |
|
| 245 | 1 | 0 |
_aOrganización judicial _b: Filipinas : [La judicatura filipina] / _cpor Roberto Concepción. |
| 260 |
_a[Madrid] : _bComisión General de la Codificación, _c[1970] |
||
| 300 |
_a70 p. ; _c24 cm. |
||
| 490 | 1 | _aCuadernos informativos | |
| 830 | 0 |
_aCuadernos informativos _9182097 |
|
| 852 |
_aES-MaACL _jC-37975 _bR.75465 |
||
| 999 |
_c46400 _d46400 |
||